Kvíz pro bystré předškoláky /

Hlavní autor: Podgórska, Anna
Další autoři: Gołąbek, Ewa, Wierzchowska, Barbara
Jazyk: Čeština
Vydáno: Ostrava : Aksjomat, 2017
Témata:
Fyzický popis: 76 nečíslovaných stran : barevné ilustrace ; 15 cm
Knihy
Uloženo v:
LEADER 01873nam a2200493 i 4500
001 nkc20172899220
003 CZ PrNK
005 20170822130658.0
007 ta
008 170530s2017 xr a a 000 0 cze
015 |a cnb002899220 
020 |a 978-80-87845-54-7  |q (kroužková vazba) 
035 |a (OCoLC)993644805 
040 |a ABA001  |b cze  |e rda 
041 1 |a cze  |h pol 
072 7 |a 373.2/.3  |x Předškolní a primární výchova a vzdělávání  |2 Konspekt  |9 22 
072 7 |a 0/9-053.2  |x Literatura pro děti a mládež (naučná)  |2 Konspekt  |9 26 
080 |a 316.346.32-053.4  |2 MRF 
080 |a 379.82/.84  |2 MRF 
080 |a (0.053.2)  |2 MRF 
100 1 |a Podgórska, Anna  |7 xx0186478  |4 aut 
245 1 0 |a Kvíz pro bystré předškoláky /  |c text originálu Anna Podgórska ; úprava textu a překlad Ewa Gołąbek ; ilustrace Barbara Wierzchowska 
264 1 |a Ostrava :  |b Aksjomat,  |c 2017 
300 |a 76 nečíslovaných stran :  |b barevné ilustrace ;  |c 15 cm 
336 |a text  |b txt  |2 rdacontent 
336 |a statický obraz  |b sti  |2 rdacontent 
337 |a bez média  |b n  |2 rdamedia 
338 |a svazek  |b nc  |2 rdacarrier 
500 |a Přeloženo z polštiny? 
500 |a Název z obálky 
500 |a Tištěno napříč 
521 8 |a Určeno pro věk 5-6 let 
650 0 7 |a děti předškolního věku  |7 ph119710  |2 czenas 
650 0 7 |a dovednosti a znalosti  |7 ph124546  |2 czenas 
650 0 9 |a preschool children  |2 eczenas 
650 0 9 |a ability and knowledge  |2 eczenas 
655 7 |a publikace pro děti  |7 fd133156  |2 czenas 
655 9 |a children's literature  |2 eczenas 
700 1 |a Gołąbek, Ewa  |7 pag2014832339  |4 edt  |4 trl 
700 1 |a Wierzchowska, Barbara  |7 jo2015874051  |4 ill 
910 2 |a BOA001  |b 1-1393.193 
990 |a BK 
995 |a 01 
996 6 |b 2610715959  |c 1-1393.193  |l MZK  |r Sklad / do 1 hodiny  |n 0  |p p.v.  |w 001626020  |u 000010  |a 1  |e BOA001  |j MZK50  |s P